[Event "SVR-ch MTA"]
[Site "Trier"]
[Date "2016.03.19"]
[Round "2"]
[White "Gebhardt, Max"]
[Black "Thoennes, Frank"]
[Result "0-1"]
[WhiteElo "2190"]
[BlackElo "2061"]
[PlyCount "110"]
[EventDate "2016.03.19"]
[EventType "tourn"]
[EventRounds "7"]
[EventCountry "GER"]
[SourceTitle "CBM 171 Extra"]
[Source "ChessBase"]
[SourceDate "2016.04.26"]
[SourceVersion "1"]
[SourceVersionDate "2016.04.26"]
[SourceQuality "1"]

1. d4 d5 2. Nf3 Nf6 3. Bg5 e6 4. e3 Nbd7 5. Nbd2 c5 6. c3 Bd6 7. Bd3 Qc7 8. Qb1 h6 9. Bh4 0-0 10. 0-0 c4 11. Bc2 Ng4 12. h3 Ngf6 13. Bxf6 Nxf6 14. e4 dxe4 15. Nxe4 Nxe4 16. Bxe4 f5 17. Bc2 b5 18. Qe1 Rb8 19. b4 a5 20. a3 a4 21. Qe2 Rf6 22. Rae1 Bb7 23. Ne5 g5 24. Qh5 Qg7 25. Bd1 Bxe5 26. Rxe5 Qd7 27. Bf3 Rd8 28. Bxb7 Qxb7 29. Rfe1 Qc6 30. Rc5 Qd7 31. Ree5 Rb8 32. Qf3 f4 33. h4 gxh4 34. Qg4+ Qg7 35. Qxg7+ Kxg7 36. Rxb5 Rxb5 37. Rxb5 f3 38. Rh5 Rf4 39. b5 Rg4 40. b6 Rxg2+ 41. Kh1 Rxf2 42. Rb5 Rc2 43. Rb1 f2 44. b7 Rb2 45. Rxb2 f1Q+ 46. Kh2 Qf4+ 47. Kg2 Qg3+ 48. Kh1 Qb8 49. Kg2 Kg6 50. Rb5 Qg3+ 51. Kf1 Qf3+ 52. Ke1 Qxc3+ 53. Ke2 Qd3+ 54. Ke1 Qg3+ 55. Ke2 Qb8 0-1

[Event "SVR-ch MTB 37th"]
[Site "Heimbach Weis"]
[Date "2014.04.11"]
[Round "1"]
[White "Gruschinski, Rainer"]
[Black "Thoennes, Frank"]
[Result "1-0"]
[WhiteElo "1998"]
[BlackElo "1945"]
[PlyCount "93"]
[EventDate "2014.04.11"]
[EventType "tourn"]
[EventRounds "9"]
[EventCountry "GER"]
[SourceTitle "CBM 160 Extra"]
[Source "ChessBase"]
[SourceDate "2014.07.01"]
[SourceVersion "1"]
[SourceVersionDate "2014.07.01"]
[SourceQuality "1"]

1. d4 Nf6 2. Nf3 e6 3. e3 d5 4. Bd3 Bd6 5. Nbd2 0-0 6. 0-0 c6 7. e4 dxe4 8. Nxe4 Nxe4 9. Bxe4 Nd7 10. Re1 Nf6 11. Bg5 Qb6 12. Bxf6 gxf6 13. Qc1 Kg7 14. c3 Qc7 15. Bc2 Bf4 16. Qd1 Rg8 17. Qd3 f5 18. Rad1 b6 19. Ne5 f6 20. Nf3 Bd7 21. Re2 Rae8 22. Rde1 Bc8 23. Bb3 Qf7 24. a4 Kh8 25. g3 Re7 26. Nh4 c5 27. Nxf5 Ree8 28. Qf3 Qc7 29. Bxe6 Bb7 30. d5 Rg5 31. c4 Be5 32. h4 Rg6 33. Qd3 Rd8 34. Rd1 Qb8 35. Kf1 Qa8 36. f4 Bd4 37. Nxd4 cxd4 38. Qxd4 Qb8 39. g4 Rf8 40. g5 h5 41. Rde1 Bc8 42. f5 Rg7 43. g6 Ba6 44. b3 Qg3 45. Qe3 Qxe3 46. Rxe3 Rc7 47. Bf7 1-0

[Event "SVR-ch MAT-I 34th"]
[Site "Reil"]
[Date "2011.04.17"]
[Round "5"]
[White "Knapp, Michael"]
[Black "Thoennes, Frank"]
[Result "0-1"]
[WhiteElo "1982"]
[BlackElo "1908"]
[PlyCount "120"]
[EventDate "2011.04.15"]
[EventType "tourn"]
[EventRounds "9"]
[EventCountry "GER"]
[SourceTitle "EXT 2013"]
[Source "ChessBase"]
[SourceDate "2012.11.22"]
[SourceVersion "1"]
[SourceVersionDate "2012.11.22"]
[SourceQuality "1"]

1. d4 d5 2. c4 c6 3. Nc3 Nf6 4. Nf3 a6 5. cxd5 cxd5 6. g3 e6 7. Bg2 Nc6 8. 0-0 b5 9. Bf4 Bb7 10. Rc1 Rc8 11. Ne5 Be7 12. Nxc6 Bxc6 13. Nb1 0-0 14. Nd2 Qb6 15. Nb3 Bb7 16. Qd2 Nd7 17. Rxc8 Rxc8 18. Rc1 Rc4 19. Qa5 Bd8 20. Qxb6 Bxb6 21. e3 Kf8 22. Bf1 Rxc1 23. Nxc1 Ke7 24. b4 f6 25. g4 g5 26. Bg3 e5 27. Nb3 Ke6 28. Bd3 e4 29. Be2 f5 30. h3 Nf6 31. Nc5+ Bxc5 32. dxc5 d4 33. gxf5+ Kd5 34. exd4 Kxd4 35. Kf1 Bc8 36. c6 Bxf5 37. Bd6 Bxh3+ 38. Ke1 Bc8 39. Bd1 Kd5 40. Be7 Ke6 41. Bd8 g4 42. a4 h5 43. axb5 axb5 44. Bxf6 Kxf6 45. Be2 Ba6 46. c7 Ke7 47. Bxb5 Bc8 48. Bc6 e3 49. fxe3 Kd6 50. Be8 h4 51. Bg6 Kxc7 52. Be4 Kb6 53. Kf2 Kb5 54. Bg6 Kxb4 55. e4 Kc5 56. Bh5 Kd4 57. Bg6 Bd7 58. Bh7 Ke5 59. Bg6 Kf4 60. Bh7 g3+ 0-1

[Event "SVR-op 33rd"]
[Site "Mendig"]
[Date "2010.03.28"]
[Round "3"]
[White "Schlich, Mara"]
[Black "Thoennes, Frank"]
[Result "1/2-1/2"]
[WhiteElo "1599"]
[BlackElo "1913"]
[PlyCount "115"]
[EventDate "2010.03.27"]
[EventType "swiss"]
[EventRounds "7"]
[EventCountry "GER"]
[SourceTitle "EXT 2011"]
[Source "ChessBase"]
[SourceDate "2010.11.26"]
[SourceVersion "1"]
[SourceVersionDate "2010.11.26"]
[SourceQuality "1"]

1. d4 g6 2. c4 Bg7 3. Nc3 d6 4. e4 e5 5. d5 Ne7 6. Nge2 a5 7. h4 h5 8. Ng3 Nd7 9. Be2 Nc5 10. Bg5 b6 11. Qd2 f6 12. Be3 Ng8 13. Rf1 Qe7 14. Kd1 Nh6 15. Nb5 Ng4 16. Bxg4 hxg4 17. Kc2 Ba6 18. Rh1 Bxb5 19. cxb5 a4 20. Ne2 Qd7 21. Nc3 f5 22. f3 f4 23. Bxc5 bxc5 24. Qe2 g3 25. Rh3 Bf6 26. Rah1 Rh5 27. Qc4 Ra5 28. Kd2 Kf7 29. Kc1 Kg7 30. Qf1 Kh6 31. Kc2 Qd8 32. Qc4 Bxh4 33. Nxa4 Be7 34. Nc3 Qa8 35. a4 Qa7 36. b3 Qb6 37. Kb2 Ra8 38. Nb1 Rh8 39. Rxh5+ gxh5 40. Rh3 Ra8 41. Na3 h4 42. Kc2 Kg5 43. Kd2 Kg6 44. Nb1 Kf7 45. Nc3 Ke8 46. Ne2 Kd7 47. Ng1 Qa5+ 48. Qc3 c4 49. Qxa5 Rxa5 50. Kc3 cxb3 51. Kxb3 Kc8 52. Rh1 Kb7 53. Nh3 Kb6 54. Rc1 Ra7 55. Rc6+ Kb7 56. Kb4 Ra8 57. a5 Bd8 58. Ka4 1/2-1/2